[Event "IECC P email"]
[Site "IECC email"]
[Date "2002.08.25"]
[Round "?"]
[White "Dambacher, Andreas"]
[Black "Jaskula, Robert"]
[Result "1/2-1/2"]
[WhiteElo "1922"]
[BlackElo "1974"]
[PlyCount "75"]
[EventDate "2002.??.??"]
[EventType "tourn (corr)"]
[EventRounds "6"]
[SourceTitle "Corr 2008"]
[Source "ChessBase"]
[SourceDate "2008.06.24"]
[SourceVersion "1"]
[SourceVersionDate "2008.06.24"]
[SourceQuality "1"]

1. e4 e5 2. Nf3 Nc6 3. Bc4 Nf6 4. Ng5 d5 5. exd5 Na5 6. Bb5+ c6 7. dxc6 bxc6 8. Be2 h6 9. Nf3 e4 10. Ne5 Bd6 11. d4 Qc7 12. Bd2 Nb7 13. 0-0 Bxe5 14. dxe5 Qxe5 15. Bc3 Qe6 16. Re1 0-0 17. Qd4 Rd8 18. Qe5 Qxe5 19. Bxe5 Nd5 20. Nc3 Bf5 21. Bc4 Nxc3 22. Bxc3 Rd7 23. Rad1 Rad8 24. Rxd7 Rxd7 25. Be2 Bg6 26. f3 Nc5 27. fxe4 Nxe4 28. Be5 Re7 29. Bf4 Nf6 30. c3 Bh5 31. Kf1 Bxe2+ 32. Rxe2 Ne4 33. Ke1 f5 34. Kd1 Kf7 35. Kc2 g5 36. Be3 a6 37. b4 f4 38. Bd4 1/2-1/2

[Event "IECC Y2KO email"]
[Site "IECC email"]
[Date "2001.09.24"]
[Round "?"]
[White "Jaskula, Robert"]
[Black "Cotton, Kevin"]
[Result "1-0"]
[WhiteElo "1976"]
[BlackElo "1029"]
[PlyCount "34"]
[EventDate "2001.??.??"]
[EventType "tourn (corr)"]
[EventRounds "6"]
[SourceTitle "Corr 2008"]
[Source "ChessBase"]
[SourceDate "2008.06.24"]
[SourceVersion "1"]
[SourceVersionDate "2008.06.24"]
[SourceQuality "1"]

1. e4 e5 2. Nf3 Nc6 3. Bc4 Nf6 4. d3 Bc5 5. 0-0 0-0 6. Nc3 d6 7. Bg5 Bg4 8. Nd5 Nd4 9. c3 Nxf3+ 10. gxf3 Bh3 11. Re1 h6 12. Nxf6+ gxf6 13. Bxh6 Re8 14. f4 f5 15. Qh5 Qf6 16. Qxh3 fxe4 17. Kh1 exf4 1-0

[Event "IECC Swiss email"]
[Site "IECC email"]
[Date "2000.12.21"]
[Round "?"]
[White "Jaskula, Robert"]
[Black "Galvin, John H"]
[Result "1/2-1/2"]
[WhiteElo "1979"]
[BlackElo "1900"]
[PlyCount "64"]
[EventDate "2000.??.??"]
[EventType "tourn (corr)"]
[EventRounds "6"]
[SourceTitle "Corr 2008"]
[Source "ChessBase"]
[SourceDate "2008.06.24"]
[SourceVersion "1"]
[SourceVersionDate "2008.06.24"]
[SourceQuality "1"]

1. e4 c5 2. Nf3 d6 3. d4 cxd4 4. Nxd4 g6 5. Nc3 Bg7 6. Be3 Nf6 7. Be2 Nc6 8. 0-0 0-0 9. Qd2 Ng4 10. Bxg4 Bxg4 11. f3 Bd7 12. Rad1 Rc8 13. Nxc6 bxc6 14. b3 Qc7 15. Rfe1 Rb8 16. Bh6 Qb6+ 17. Kh1 Bxh6 18. Qxh6 f6 19. Ne2 Qa5 20. Qd2 Qxd2 21. Rxd2 c5 22. Kg1 Kf7 23. Nc3 g5 24. Kf2 Rfc8 25. Nd5 h5 26. h4 gxh4 27. Nf4 c4 28. Rh1 h3 29. Nxh3 cxb3 30. axb3 Bxh3 31. Rxh3 Rc5 32. Rh1 Rbb5 1/2-1/2

[Event "IECC P email"]
[Site "IECC email"]
[Date "2000.10.20"]
[Round "?"]
[White "Lewis, Matthew"]
[Black "Jaskula, Robert"]
[Result "1/2-1/2"]
[WhiteElo "1824"]
[BlackElo "1985"]
[PlyCount "85"]
[EventDate "2000.??.??"]
[EventType "tourn (corr)"]
[EventRounds "6"]
[SourceTitle "Corr 2008"]
[Source "ChessBase"]
[SourceDate "2008.06.24"]
[SourceVersion "1"]
[SourceVersionDate "2008.06.24"]
[SourceQuality "1"]

1. c4 e5 2. Nc3 Nf6 3. g3 Bb4 4. Bg2 0-0 5. Nf3 Re8 6. 0-0 d6 7. d3 Bxc3 8. bxc3 e4 9. Ng5 exd3 10. exd3 Nc6 11. Rb1 h6 12. Nf3 b6 13. Re1 Rxe1+ 14. Nxe1 Bb7 15. Nc2 Qd7 16. f4 Re8 17. Ne3 Nd8 18. Bxb7 Nxb7 19. Rb2 Nc5 20. Re2 a5 21. f5 b5 22. cxb5 Qxb5 23. d4 Nce4 24. c4 Nc3 25. cxb5 Nxd1 26. Kf1 Nc3 27. Rb2 a4 28. Bd2 Nfe4 29. Bxc3 Nxc3 30. Nc4 Re4 31. Nxd6 cxd6 32. b6 Re8 33. b7 Rb8 34. Rc2 Rxb7 35. Rxc3 Rb1+ 36. Ke2 Rb2+ 37. Kf3 Rxa2 38. Rc6 d5 39. Rc5 Rxh2 40. Rxd5 a3 41. Ra5 Rd2 42. Ke3 Rg2 43. Kf3 1/2-1/2

[Event "IECC Y2KO email"]
[Site "IECC email"]
[Date "1999.10.14"]
[Round "?"]
[White "Jaskula, Robert"]
[Black "Congly, Stephen"]
[Result "1-0"]
[WhiteElo "1974"]
[BlackElo "1243"]
[PlyCount "51"]
[EventDate "1999.??.??"]
[EventType "tourn (corr)"]
[EventRounds "2"]
[SourceTitle "Corr 2008"]
[Source "ChessBase"]
[SourceDate "2008.06.24"]
[SourceVersion "1"]
[SourceVersionDate "2008.06.24"]
[SourceQuality "1"]

1. e4 e5 2. Nf3 Nc6 3. Bc4 Nf6 4. d3 Bc5 5. c3 0-0 6. 0-0 d6 7. b4 Bb6 8. a4 a5 9. b5 Ne7 10. Re1 Ng4 11. d4 Be6 12. Bxe6 fxe6 13. h3 Nf6 14. Qb3 d5 15. Nxe5 Nxe4 16. Rxe4 dxe4 17. Qxe6+ Kh8 18. Ba3 Bxd4 19. cxd4 Qxd4 20. Ra2 Qd1+ 21. Kh2 Qxb1 22. Bxe7 Rfb8 23. Nf7+ Kg8 24. Nh6+ Kh8 25. Qg8+ Rxg8 26. Nf7# 1-0

[Event "IECC P email"]
[Site "IECC email"]
[Date "1999.09.16"]
[Round "?"]
[White "Verdier, Jean"]
[Black "Jaskula, Robert"]
[Result "1/2-1/2"]
[WhiteElo "2066"]
[BlackElo "1909"]
[PlyCount "53"]
[EventDate "1999.??.??"]
[EventType "tourn (corr)"]
[EventRounds "6"]
[SourceTitle "Corr 2008"]
[Source "ChessBase"]
[SourceDate "2008.06.24"]
[SourceVersion "1"]
[SourceVersionDate "2008.06.24"]
[SourceQuality "1"]

1. d4 d5 2. Nf3 Nf6 3. c4 e6 4. Nc3 c6 5. e3 Nbd7 6. Bd3 Bd6 7. 0-0 dxc4 8. Bxc4 0-0 9. Qc2 e5 10. Bb3 Qc7 11. Bd2 exd4 12. exd4 Nb6 13. Ne4 Nbd5 14. Nxd6 Qxd6 15. Rfe1 Be6 16. Ng5 Rfe8 17. Nxe6 Rxe6 18. Rxe6 Qxe6 19. Re1 Qg4 20. Qd3 Qh4 21. f3 Rd8 22. a3 h6 23. Re5 Nf4 24. Qc4 N4d5 25. Qd3 Nf4 26. Qc4 N4d5 27. Qd3 1/2-1/2

[Event "IECC Swiss email"]
[Site "IECC email"]
[Date "1999.07.16"]
[Round "?"]
[White "Perez, Maria Jose"]
[Black "Jaskula, Robert"]
[Result "1/2-1/2"]
[WhiteElo "1748"]
[BlackElo "1933"]
[PlyCount "81"]
[EventDate "1999.??.??"]
[EventType "tourn (corr)"]
[EventRounds "6"]
[SourceTitle "Corr 2008"]
[Source "ChessBase"]
[SourceDate "2008.06.24"]
[SourceVersion "1"]
[SourceVersionDate "2008.06.24"]
[SourceQuality "1"]

1. e4 e5 2. Nf3 Nc6 3. Bb5 a6 4. Ba4 Nf6 5. 0-0 Be7 6. Re1 b5 7. Bb3 0-0 8. c3 Bb7 9. d3 d6 10. Nbd2 Na5 11. Bc2 c5 12. Nf1 Nc6 13. Ne3 d5 14. Nf5 d4 15. Bb3 Qc7 16. Qd2 Bc8 17. Nxe7+ Qxe7 18. Qe2 Be6 19. Bxe6 Qxe6 20. cxd4 cxd4 21. Bd2 Rfc8 22. Ng5 Qd6 23. Rec1 h6 24. Nh3 Rc7 25. f4 Rac8 26. Rc2 Nd7 27. Rac1 Nd8 28. Rxc7 Rxc7 29. fxe5 Rxc1+ 30. Bxc1 Nxe5 31. Nf4 g5 32. Nd5 Qc5 33. Qd1 Nxd3 34. Bxg5 hxg5 35. Qxd3 Qc1+ 36. Qf1 Qxb2 37. Qf6 Qb1+ 38. Kf2 Qc2+ 39. Kg3 Qd3+ 40. Kf2 Qc2+ 41. Kg3 1/2-1/2

[Event "IECC KO email"]
[Site "IECC email"]
[Date "1999.07.12"]
[Round "?"]
[White "Dror, Aaron"]
[Black "Jaskula, Robert"]
[Result "1-0"]
[WhiteElo "1835"]
[BlackElo "1935"]
[PlyCount "57"]
[EventDate "1999.??.??"]
[EventType "tourn (corr)"]
[EventRounds "6"]
[SourceTitle "Corr 2008"]
[Source "ChessBase"]
[SourceDate "2008.06.24"]
[SourceVersion "1"]
[SourceVersionDate "2008.06.24"]
[SourceQuality "1"]

1. d4 d5 2. Nf3 Nf6 3. e3 e6 4. Bd3 c5 5. c3 Bd6 6. Nbd2 Nbd7 7. 0-0 0-0 8. Re1 Qc7 9. e4 cxd4 10. cxd4 dxe4 11. Nxe4 Nxe4 12. Rxe4 Nb6 13. Rh4 h6 14. Bxh6 gxh6 15. Rc1 Qe7 16. Rg4+ Kh8 17. Qd2 f5 18. Qxh6+ Qh7 19. Qd2 Be7 20. Rc7 Bd7 21. Ne5 Rg8 22. Rxg8+ Rxg8 23. Rxb7 Bd6 24. Rxa7 Bxe5 25. dxe5 Rxg2+ 26. Kxg2 Bc6+ 27. f3 Qxa7 28. Qh6+ Qh7 29. Qxe6 1-0

[Event "IECC Swiss email"]
[Site "IECC email"]
[Date "1999.06.16"]
[Round "?"]
[White "Skrzynski, Ireneusz"]
[Black "Jaskula, Robert"]
[Result "1-0"]
[WhiteElo "1685"]
[BlackElo "1943"]
[PlyCount "75"]
[EventDate "1999.??.??"]
[EventType "tourn (corr)"]
[EventRounds "6"]
[SourceTitle "Corr 2008"]
[Source "ChessBase"]
[SourceDate "2008.06.24"]
[SourceVersion "1"]
[SourceVersionDate "2008.06.24"]
[SourceQuality "1"]

1. d4 d5 2. c4 dxc4 3. Nf3 Nf6 4. e3 e6 5. Bxc4 c5 6. Qe2 cxd4 7. exd4 Be7 8. 0-0 0-0 9. Nc3 a6 10. Bg5 b5 11. Bb3 Bb7 12. Rfe1 Nc6 13. Rad1 Re8 14. a3 h6 15. Bh4 Na5 16. Ba2 g5 17. Bg3 Rc8 18. h4 gxh4 19. Bxh4 Nd5 20. Bxd5 Bxd5 21. Bxe7 Rxe7 22. Nxd5 Qxd5 23. Qd2 Nc6 24. Qxh6 Qf5 25. Rc1 Qg6 26. Qxg6+ fxg6 27. Ng5 Ree8 28. Rxe6 Nxd4 29. Rxc8 Rxc8 30. Rxg6+ Kh8 31. Rxa6 Rc2 32. b4 Ne2+ 33. Kh2 Kg7 34. Ne6+ Kf7 35. Rb6 Ke7 36. f4 Ra2 37. f5 Nc3 38. Ng5 1-0

[Event "IECC Swiss email"]
[Site "IECC email"]
[Date "1999.04.13"]
[Round "?"]
[White "Jaskula, Robert"]
[Black "Weggen, Rick HM"]
[Result "1-0"]
[WhiteElo "1921"]
[BlackElo "1694"]
[PlyCount "61"]
[EventDate "1999.??.??"]
[EventType "tourn (corr)"]
[EventRounds "6"]
[SourceTitle "Corr 2008"]
[Source "ChessBase"]
[SourceDate "2008.06.24"]
[SourceVersion "1"]
[SourceVersionDate "2008.06.24"]
[SourceQuality "1"]

1. e4 g6 2. d4 Bg7 3. c4 d6 4. Nc3 Nf6 5. Be2 0-0 6. Nf3 Nbd7 7. 0-0 c5 8. d5 b6 9. Bg5 h6 10. Bd2 Bb7 11. Qc1 Kh7 12. h3 e6 13. Bd3 Qe7 14. Rd1 Rae8 15. dxe6 Qxe6 16. Nd5 Rc8 17. Bc3 b5 18. Qf4 b4 19. Qh4 Kg8 20. Bd2 g5 21. Bxg5 hxg5 22. Nxg5 Qe5 23. f4 Qd4+ 24. Kh1 Bxd5 25. exd5 Qxb2 26. Rab1 Qxa2 27. Bh7+ Kh8 28. Re1 Rc7 29. Re7 Qa6 30. Rbe1 Rcc8 31. Rxd7 1-0

[Event "IECC TH-M email"]
[Site "IECC email"]
[Date "1999.01.13"]
[Round "?"]
[White "Jaskula, Robert"]
[Black "Sykula, Andrzej"]
[Result "1-0"]
[WhiteElo "1880"]
[BlackElo "2033"]
[PlyCount "55"]
[EventDate "1999.??.??"]
[EventType "match (corr)"]
[EventRounds "2"]
[SourceTitle "Corr 2008"]
[Source "ChessBase"]
[SourceDate "2008.06.24"]
[SourceVersion "1"]
[SourceVersionDate "2008.06.24"]
[SourceQuality "1"]

1. e4 d6 2. d4 Nf6 3. Nc3 g6 4. f4 Bg7 5. Nf3 0-0 6. Bc4 c6 7. Bb3 Bg4 8. h3 Bxf3 9. Qxf3 e6 10. Be3 b5 11. a3 d5 12. e5 Nfd7 13. h4 Qe7 14. h5 Rc8 15. hxg6 fxg6 16. g4 Na6 17. Qh3 Nf8 18. f5 exf5 19. Nxd5 cxd5 20. Bxd5+ Kh8 21. gxf5 gxf5 22. Qxf5 Nc7 23. Be4 Kg8 24. Qh5 Rab8 25. Bxh7+ Nxh7 26. Qxh7+ Kf8 27. Rf1+ Ke8 28. Qg6+ 1-0

[Event "IECG CP.1998.Q.00006"]
[Site "IECG email"]
[Date "1999.??.??"]
[Round "?"]
[White "Jaskula, Robert"]
[Black "Sheikhman, Vadim"]
[Result "1/2-1/2"]
[WhiteElo "2031"]
[BlackElo "1820"]
[PlyCount "74"]
[EventDate "1999.10.01"]
[EventType "tourn (corr)"]
[EventRounds "8"]
[EventCountry "NED"]
[SourceTitle "Corr 2008"]
[Source "ChessBase"]
[SourceDate "2008.06.24"]
[SourceVersion "1"]
[SourceVersionDate "2008.06.24"]
[SourceQuality "1"]

1. e4 e5 2. Nf3 Nf6 3. d4 Nxe4 4. Bd3 d5 5. Nxe5 Nd7 6. Nxd7 Bxd7 7. 0-0 Qh4 8. Qf3 Be7 9. c4 0-0 10. Qf4 Qxf4 11. Bxf4 Nf6 12. c5 c6 13. Re1 Rfe8 14. Nc3 Be6 15. b4 Nd7 16. Ne2 Bf6 17. h3 Nf8 18. Be5 Bxe5 19. dxe5 a5 20. a3 g5 21. f4 gxf4 22. Nxf4 Nd7 23. Nh5 Reb8 24. Nf6+ Kg7 25. Nxd7 Bxd7 26. Reb1 axb4 27. axb4 Re8 28. Ra5 h5 29. Kf2 f6 30. exf6+ Kxf6 31. Rba1 Rxa5 32. bxa5 Bf5 33. Be2 h4 34. a6 bxa6 35. Rxa6 Re6 36. Ra8 Kg5 37. Rg8+ Bg6 1/2-1/2

[Event "IECG CP.1998.Q.00006"]
[Site "IECG email"]
[Date "1999.??.??"]
[Round "?"]
[White "Pijl, Richard"]
[Black "Jaskula, Robert"]
[Result "1/2-1/2"]
[WhiteElo "1929"]
[BlackElo "2031"]
[PlyCount "92"]
[EventDate "1999.10.01"]
[EventType "tourn (corr)"]
[EventRounds "8"]
[EventCountry "NED"]
[SourceTitle "Corr 2008"]
[Source "ChessBase"]
[SourceDate "2008.06.24"]
[SourceVersion "1"]
[SourceVersionDate "2008.06.24"]
[SourceQuality "1"]

1. e4 e5 2. Nf3 Nc6 3. Bb5 a6 4. Ba4 Nf6 5. 0-0 Be7 6. Re1 b5 7. Bb3 0-0 8. c3 Bb7 9. d4 Na5 10. Bc2 d6 11. a4 b4 12. cxb4 Nc6 13. Qd2 d5 14. dxe5 Nxe4 15. Bxe4 dxe4 16. Rxe4 Nxb4 17. Rd4 Bxf3 18. gxf3 Qb8 19. Qe2 Qb6 20. Be3 Qe6 21. Re4 Rfd8 22. Nd2 Rd5 23. Rc1 c5 24. Nc4 Nd3 25. Ra1 Rad8 26. Kh1 h6 27. Rg1 Bf8 28. Rh4 Kh8 29. f4 R5d7 30. f5 Qxf5 31. f3 Be7 32. Qg2 Qh7 33. Rh3 Rb7 34. Rg3 Rg8 35. a5 Rb4 36. Qc2 g5 37. R3g2 Rgb8 38. Rd1 Nxb2 39. Qxh7+ Kxh7 40. Nxb2 Rxb2 41. Rxb2 Rxb2 42. Rd7 Re2 43. Rxe7 Rxe3 44. Rxf7+ Kg8 45. Rf6 c4 46. Rxa6 Rxe5 1/2-1/2

[Event "IECC Swiss email"]
[Site "IECC email"]
[Date "1998.11.16"]
[Round "?"]
[White "Junaidi, Barlian"]
[Black "Jaskula, Robert"]
[Result "0-1"]
[WhiteElo "2160"]
[BlackElo "1825"]
[PlyCount "56"]
[EventDate "1998.??.??"]
[EventType "tourn (corr)"]
[EventRounds "6"]
[SourceTitle "Corr 2008"]
[Source "ChessBase"]
[SourceDate "2008.06.24"]
[SourceVersion "1"]
[SourceVersionDate "2008.06.24"]
[SourceQuality "1"]

1. c4 Nf6 2. d4 e6 3. Nf3 c5 4. d5 exd5 5. cxd5 d6 6. Nc3 g6 7. e4 Bg7 8. Be2 0-0 9. Nd2 a6 10. a4 Re8 11. 0-0 Nbd7 12. f4 Qe7 13. Kh1 b6 14. Bf3 Bb7 15. e5 dxe5 16. Nc4 e4 17. Re1 Qf8 18. Nxe4 Bxd5 19. Nxf6+ Nxf6 20. Ne5 Bxf3 21. Qxf3 Nd7 22. Qg3 Qd6 23. Nf3 c4 24. Ra3 Rad8 25. h3 Nc5 26. Ne5 Nb3 27. Kh2 Nxc1 28. Rxc1 Rxe5 0-1

[Event "IECC P email"]
[Site "IECC email"]
[Date "1998.09.22"]
[Round "?"]
[White "Jaskula, Robert"]
[Black "Kavanaugh, Dennis M"]
[Result "1-0"]
[WhiteElo "1789"]
[BlackElo "1235"]
[PlyCount "63"]
[EventDate "1998.??.??"]
[EventType "tourn (corr)"]
[EventRounds "6"]
[SourceTitle "Corr 2008"]
[Source "ChessBase"]
[SourceDate "2008.06.24"]
[SourceVersion "1"]
[SourceVersionDate "2008.06.24"]
[SourceQuality "1"]

1. e4 e5 2. Nf3 Nc6 3. Bc4 Nf6 4. Ng5 d5 5. exd5 Na5 6. Bb5+ c6 7. dxc6 bxc6 8. Qf3 Rb8 9. Bxc6+ Nxc6 10. Qxc6+ Nd7 11. Nf3 Bb7 12. Qc3 Rc8 13. Qe3 Rxc2 14. Nc3 Bc5 15. Qd3 Bxf3 16. Qxf3 Qb6 17. 0-0 Be7 18. Qd1 Rxc1 19. Rxc1 Qxb2 20. Qa4 Qa3 21. d4 Qxa4 22. Nxa4 f6 23. Rc8+ Bd8 24. dxe5 Nxe5 25. Nc5 g5 26. Rb1 Ke7 27. Rb7+ Kd6 28. Rg7 Kd5 29. Nb7 Re8 30. Rxd8+ Rxd8 31. Nxd8 a5 32. Rxh7 1-0